| Tag |
First Indicator |
Second Indicator |
Subfields |
| LEADER |
00000cam a2200000 4500 |
| 001 |
in00000069059 |
| 005 |
20151008051356.0 |
| 008 |
770328s1946 ilu 00000 engsc |
| 010 |
|
|
|a a 46000316
|
| 035 |
|
|
|a (OCoLC)02842787
|
| 035 |
|
|
|9 AAG7486AM
|
| 040 |
|
|
|a Chicago Univ. Library
|c DMM
|d TXA
|d UtOrBLW
|
| 049 |
|
|
|a TXAM
|c [131685]
|
| 090 |
|
|
|a JX1954
|b .M56
|
| 092 |
|
|
|a 341.1
|b M851p
|
| 100 |
1 |
|
|a Morgenthau, Hans J.
|q (Hans Joachim),
|d 1904-1980.
|
| 245 |
1 |
0 |
|a Peace, security, & the United nations /
|c edited by Hans J. Morgenthau.
|
| 264 |
|
1 |
|a Chicago, Ill. :
|b University of Chicago press,
|c [1946]
|
| 300 |
|
|
|a 133 pages, 1 unnumbered page ;
|c 20 cm.
|
| 336 |
|
|
|a text
|b txt
|2 rdacontent
|
| 337 |
|
|
|a unmediated
|b n
|2 rdamedia
|
| 338 |
|
|
|a volume
|b nc
|2 rdacarrier
|
| 500 |
|
|
|a "The Norman Walt Harris memorial foundation. The twenty-first institute."
|
| 650 |
|
0 |
|a International organization.
|
| 650 |
|
0 |
|a International cooperation.
|
| 650 |
|
0 |
|a Security, International.
|
| 710 |
2 |
|
|a Norman Wait Harris Memorial Foundation.
|
| 999 |
|
|
|a MARS
|
| 999 |
f |
f |
|s 4af9a11c-1fda-33a3-a95d-0daee34ec371
|i d0599db5-bb56-3861-ad10-3164bfddcc88
|t 0
|
| 952 |
f |
f |
|p ric
|a Texas A&M University
|b Rellis Campus
|c Joint Library Facility
|d Remote Storage
|t 0
|e JX1954 .M56
|h Library of Congress classification
|i unmediated -- volume
|m A14800782358
|
| 998 |
f |
f |
|a JX1954 .M56
|t 0
|l Remote Storage
|